| 000 | 01152nam a22002535a 4500 | ||
|---|---|---|---|
| 005 | 20161102112046.0 | ||
| 008 | 161027t2013 nyua frb 001 0 eng d | ||
| 020 | _a0071794964 | ||
| 020 | _a9780071794961 | ||
| 040 |
_aEG-ScBUE _beng _cEG-ScBUE _dEG-ScBUE |
||
| 082 | 0 | 4 |
_222 _a658.872 _bLEW |
| 100 | 1 |
_941630 _aLewis, Mike, _d1975- |
|
| 245 | 1 | 0 |
_aStand out social marketing : _b6 keys to rise above the noise, differentiate your brand, and build an outstanding online presence / _cMike Lewis. |
| 260 |
_aNew York : _bMcGraw-Hill Companies, _cc.2013. |
||
| 300 |
_axxxi, 286 p. : _bill. ; _c24 cm. |
||
| 500 | _aIndex : p.275- 286. | ||
| 504 | _aBibliography : p. 269-273. | ||
| 520 | _aCompeting on the social web isn't enough. You have to stand out! "Stand Out Social Marketing" explains how today's best-known brands draw attention that pays in the crowded space of social media--and how you can do the same for your brand! | ||
| 650 | 7 |
_2BUEsh _939086 _aMarketing _xSocial aspects. |
|
| 650 | 7 |
_912594 _aCustomer relations. _2BUEsh |
|
| 651 | _2BUEsh | ||
| 653 |
_bBUSADM _cOctober2016 _cNovember2016 |
||
| 942 |
_2ddc _e22 _k658.872 LEW |
||
| 999 |
_c22891 _d22863 |
||